000 00305nam a22001337a 4500
008 181206b xxu||||| |||| 00| 0 eng d
020 _a9780878424290
041 _aeng
080 _a910
100 _a42
101 _aGEO
245 _aCroadside geology Of Massachusetts
_cJames,W.S
942 _2udc
_cBK
999 _c52917
_d52917